| 000 | 00677nam a22002173a 4500 | ||
|---|---|---|---|
| 005 | 20210223124151.0 | ||
| 008 | 010607s1996 mx r 000 0 spa d | ||
| 020 | _a8425419778 | ||
| 035 | _aUPN01000107758 | ||
| 049 | _aCG | ||
| 050 | 4 |
_aB3248 G34 _bM5.38 |
|
| 100 | 1 |
_aGadamer, Hans-Georg, _d1900-2002 |
|
| 245 | 1 | 0 |
_aMis años de aprendizaje / _cHans-Georg Gadamer; tr. Rafael Fernández de Maruri. |
| 260 |
_aBarcelona, Esp. : _bHerder, _c1996. |
||
| 300 | _a279 p. | ||
| 440 | 0 | _aBiblioteca de filosofía | |
| 534 |
_pTraducción de : _tPhilosophische lehrjabre |
||
| 600 | 1 | 4 |
_aGADAMER, HANS GEORG, _d1900-2002 |
| 650 | 4 |
_aFILOSOFOS ALEMANES _915952 |
|
| 905 | _aLibro | ||
| 999 |
_c81670 _d81670 |
||